[Event "GER-ch Seniors 18th"]
[Site "Dresden"]
[Date "2006.07.30"]
[Round "9"]
[White "Hobusch, Werner"]
[Black "Ladstetter, Josef"]
[Result "1-0"]
[WhiteElo "2137"]
[BlackElo "2073"]
[PlyCount "70"]
[EventDate "2006.07.22"]
[EventType "swiss"]
[EventRounds "9"]
[EventCountry "GER"]
[SourceTitle "CBM 113 Extra"]
[Source "ChessBase"]
[SourceDate "2006.09.14"]
[SourceVersion "1"]
[SourceVersionDate "2006.09.14"]
[SourceQuality "1"]

1. e4 d6 2. d4 Nf6 3. Nc3 c6 4. f4 g6 5. Nf3 Bg7 6. Bd3 0-0 7. 0-0 c5 8. dxc5 dxc5 9. Be3 Qa5 10. Ne5 Na6 11. Bc4 Be6 12. Bxe6 fxe6 13. Qe2 Qb4 14. a3 Qa5 15. Qc4 Nc7 16. b4 Qa6 17. b5 Qa5 18. Qb3 Ng4 19. Nxg4 Qxc3 20. Qxc3 Bxc3 21. Rad1 Nxb5 22. Bxc5 b6 23. Bxe7 Rf7 24. Nh6+ Kg7 25. Nxf7 Kxf7 26. Bb4 Bxb4 27. axb4 Nc3 28. Rd7+ Kf6 29. e5+ Kf5 30. Rxh7 a5 31. bxa5 Rxa5 32. Rf7+ Ke4 33. Rb7 Ke3 34. Rxb6 Ne2+ 35. Kh1 Nxf4 1-0

[Event "GER-ch Seniors 18th"]
[Site "Dresden"]
[Date "2006.07.27"]
[Round "6"]
[White "Ladstetter, Josef"]
[Black "Eskandary, Jahja"]
[Result "1/2-1/2"]
[WhiteElo "2073"]
[BlackElo "2156"]
[PlyCount "27"]
[EventDate "2006.07.22"]
[EventType "swiss"]
[EventRounds "9"]
[EventCountry "GER"]
[SourceTitle "CBM 113 Extra"]
[Source "ChessBase"]
[SourceDate "2006.09.14"]
[SourceVersion "1"]
[SourceVersionDate "2006.09.14"]
[SourceQuality "1"]

1. d4 d6 2. e4 Nd7 3. Nf3 c6 4. c4 e5 5. Nc3 Be7 6. Be3 Ngf6 7. h3 0-0 8. Be2 Re8 9. Qc2 Bf8 10. 0-0 exd4 11. Nxd4 Nc5 12. Bf3 Qe7 13. Rfe1 Bd7 14. Bf4 1/2-1/2

[Event "Bad Woerishofen Seniors opA 22th"]
[Site "Bad Woerishofen"]
[Date "2006.03.25"]
[Round "9"]
[White "Will, Michael"]
[Black "Ladstetter, Josef"]
[Result "1/2-1/2"]
[WhiteElo "1774"]
[BlackElo "1895"]
[PlyCount "45"]
[EventDate "2006.03.17"]
[EventType "swiss"]
[EventRounds "9"]
[EventCountry "GER"]
[SourceTitle "EXT 2022"]
[Source "ChessBase"]
[SourceDate "2021.10.06"]
[SourceVersion "1"]
[SourceVersionDate "2021.10.06"]
[SourceQuality "1"]

1. d4 Nf6 2. f4 d5 3. Nf3 g6 4. e3 Bg7 5. Bd3 0-0 6. 0-0 c5 7. c3 Qb6 8. Nbd2 Nc6 9. Bc2 Ng4 10. Qe2 f5 11. h3 Nf6 12. Ne5 cxd4 13. Nxc6 bxc6 14. cxd4 c5 15. dxc5 Qxc5 16. Nb3 Qb6 17. Rd1 e6 18. Nd4 Ne4 19. Kh2 e5 20. Nf3 exf4 21. exf4 Ba6 22. Qe1 Rad8 23. Bb3 1/2-1/2

[Event "Bad Woerishofen op 22nd"]
[Site "Bad Woerishofen"]
[Date "2006.03.22"]
[Round "6"]
[White "Ladstetter, Josef"]
[Black "Fahnenschmidt, Gerhard"]
[Result "1/2-1/2"]
[WhiteElo "2082"]
[BlackElo "2182"]
[PlyCount "75"]
[EventDate "2006.03.17"]
[EventType "swiss"]
[EventRounds "9"]
[EventCountry "GER"]
[SourceTitle "CBM 111 Extra"]
[Source "ChessBase"]
[SourceDate "2006.05.09"]
[SourceVersion "1"]
[SourceVersionDate "2006.05.09"]
[SourceQuality "1"]

1. d4 Nf6 2. Nf3 e6 3. e3 c5 4. Bd3 b6 5. Nbd2 Bb7 6. 0-0 Be7 7. c3 0-0 8. Re1 Nc6 9. e4 cxd4 10. cxd4 Nb4 11. Bb1 Ba6 12. Nf1 Rc8 13. a3 Rxc1 14. Qxc1 Nd3 15. Bxd3 Bxd3 16. Ng3 Qa8 17. Qe3 Ba6 18. Rac1 Bb7 19. Nd2 Qb8 20. h3 Ne8 21. Ne2 Nd6 22. Ng3 h6 23. Nc4 Bg5 24. Qb3 Bxc1 25. Nxd6 Qxd6 26. Rxc1 h5 27. Qe3 h4 28. Ne2 e5 29. f3 f5 30. d5 fxe4 31. fxe4 Ba6 32. Nc3 Rf4 33. Ne2 Bxe2 34. Qxe2 Qg6 35. Re1 Qg3 36. Rf1 Rxf1+ 37. Kxf1 Qf4+ 38. Kg1 1/2-1/2

[Event "Rheinland Pfalz Seniors op 24th"]
[Site "Kaiserslautern"]
[Date "2005.07.27"]
[Round "4"]
[White "Hiller, Joachim"]
[Black "Ladstetter, Josef"]
[Result "0-1"]
[WhiteElo "1859"]
[BlackElo "1947"]
[PlyCount "48"]
[EventDate "2005.07.24"]
[EventType "swiss"]
[EventRounds "7"]
[EventCountry "GER"]
[SourceTitle "EXT 2007"]
[Source "ChessBase"]
[SourceDate "2006.11.23"]
[SourceVersion "1"]
[SourceVersionDate "2006.11.23"]
[SourceQuality "1"]

1. d4 f5 2. c4 Nf6 3. g3 g6 4. Nc3 Bg7 5. Bg2 Nc6 6. Nf3 d6 7. Bf4 Nh5 8. Be3 0-0 9. Qd2 e5 10. Bg5 Bf6 11. dxe5 Bxg5 12. Nxg5 Nxe5 13. Qd5+ Kg7 14. f4 Nf6 15. Qd4 c5 16. Qd1 Nxc4 17. Qb3 Ne3 18. Bxb7 Rb8 19. Bxc8 Qxc8 20. Qe6 Qb7 21. Rg1 Nc2+ 22. Kd2 Nd4 23. Qc4 Qxb2+ 24. Ke1 Qxa1+ 0-1

[Event "GER-chA Seniors 16th"]
[Site "Templin"]
[Date "2004.09.12"]
[Round "9"]
[White "Reichenbach, Werner"]
[Black "Ladstetter, Josef"]
[Result "1-0"]
[WhiteElo "2253"]
[BlackElo "1950"]
[PlyCount "74"]
[EventDate "2004.09.04"]
[EventType "swiss"]
[EventRounds "9"]
[EventCountry "GER"]
[SourceTitle "EXT 2005"]
[Source "ChessBase"]
[SourceDate "2004.11.15"]
[SourceVersion "1"]
[SourceVersionDate "2004.11.15"]
[SourceQuality "1"]

1. e4 c5 2. Nf3 e6 3. c3 Nf6 4. e5 Nd5 5. d4 cxd4 6. cxd4 d6 7. Nc3 Nxc3 8. bxc3 Be7 9. Bd3 Nc6 10. exd6 Bxd6 11. 0-0 h6 12. Qe2 Qc7 13. Re1 Bd7 14. Rb1 a6 15. c4 Nd8 16. Qe4 Bc6 17. d5 Bd7 18. Bb2 Kf8 19. Ne5 Be8 20. Nf3 Bd7 21. h4 f6 22. Nd4 e5 23. Nf5 Bc5 24. Qf3 Nf7 25. Qg3 Rg8 26. h5 Ng5 27. Nh4 Bd6 28. Bf5 Bxf5 29. Nxf5 Bc5 30. Ba3 b6 31. Qb3 Qd7 32. Bxc5+ bxc5 33. Qb7 Rd8 34. Qxd7 Rxd7 35. Rb6 Kf7 36. f3 Ra8 37. Reb1 Rc7 1-0

[Event "GER-chA Seniors 16th"]
[Site "Templin"]
[Date "2004.09.10"]
[Round "7"]
[White "Hobusch, Werner"]
[Black "Ladstetter, Josef"]
[Result "1-0"]
[WhiteElo "2144"]
[BlackElo "2083"]
[PlyCount "43"]
[EventDate "2004.09.04"]
[EventType "swiss"]
[EventRounds "9"]
[EventCountry "GER"]
[SourceTitle "EXT 2005"]
[Source "ChessBase"]
[SourceDate "2004.11.15"]
[SourceVersion "1"]
[SourceVersionDate "2004.11.15"]
[SourceQuality "1"]

1. e4 c5 2. Nf3 e6 3. d4 cxd4 4. Nxd4 a6 5. g3 Qc7 6. Bg2 Nf6 7. 0-0 Be7 8. Nc3 d6 9. Kh1 Nc6 10. f4 0-0 11. Be3 Na5 12. Bg1 Bd7 13. g4 Ne8 14. g5 Rc8 15. Qh5 g6 16. Qh6 Qd8 17. Rf3 f6 18. f5 exf5 19. exf5 fxg5 20. fxg6 hxg6 21. Qxg6+ Ng7 22. Rxf8+ 1-0

[Event "GER-chA Seniors 16th"]
[Site "Templin"]
[Date "2004.09.09"]
[Round "6"]
[White "Ladstetter, Josef"]
[Black "Maugg, Ludwig"]
[Result "1/2-1/2"]
[WhiteElo "2083"]
[BlackElo "2173"]
[PlyCount "40"]
[EventDate "2004.09.04"]
[EventType "swiss"]
[EventRounds "9"]
[EventCountry "GER"]
[SourceTitle "EXT 2005"]
[Source "ChessBase"]
[SourceDate "2004.11.15"]
[SourceVersion "1"]
[SourceVersionDate "2004.11.15"]
[SourceQuality "1"]

1. d4 Nf6 2. c4 c5 3. d5 b5 4. cxb5 a6 5. Nc3 axb5 6. Nxb5 Ba6 7. Nc3 d6 8. e4 Bxf1 9. Kxf1 g6 10. g3 Bg7 11. Kg2 0-0 12. Nf3 Nbd7 13. h3 Qa5 14. Bd2 Rfb8 15. b3 Qa6 16. Rb1 Ne8 17. Qc2 Nc7 18. a4 e6 19. dxe6 fxe6 20. Rhe1 Qc6 1/2-1/2

[Event "RLP-ch Seniors"]
[Site "Dittweiler"]
[Date "2004.??.??"]
[Round "3"]
[White "Ladstetter, Josef"]
[Black "Minz, Michail"]
[Result "1/2-1/2"]
[WhiteElo "2122"]
[BlackElo "2176"]
[PlyCount "95"]
[EventDate "2004.??.??"]
[EventType "swiss"]
[EventRounds "7"]
[EventCountry "GER"]
[SourceTitle "EXT 2009"]
[Source "ChessBase"]
[SourceDate "2008.11.26"]
[SourceVersion "1"]
[SourceVersionDate "2008.11.26"]
[SourceQuality "1"]

1. c4 c6 2. Nc3 d5 3. cxd5 cxd5 4. d4 Nf6 5. Nf3 g6 6. g3 Bg7 7. Bg2 0-0 8. 0-0 Nc6 9. b3 Ne4 10. Bb2 Nxc3 11. Bxc3 f6 12. Ne1 Be6 13. e3 Bf7 14. f4 Qd7 15. Nf3 Be6 16. Qd2 Bh3 17. Rfd1 Bxg2 18. Kxg2 e6 19. Rac1 Rfc8 20. Qb2 Bf8 21. Ne1 Ne7 22. Nd3 Nf5 23. Kf3 b6 24. a4 Bd6 25. Bb4 a5 26. Bxd6 Nxd6 27. Rxc8+ Rxc8 28. Rc1 Kf7 29. Rc2 Rxc2 30. Qxc2 Qc8 31. Qxc8 Nxc8 32. Ke2 Nd6 33. Nf2 h5 34. Kd3 Ke7 35. Kc3 Kd7 36. Kd3 Kc6 37. Nd1 h4 38. Nf2 hxg3 39. hxg3 f5 40. Kc2 b5 41. Nd3 bxa4 42. bxa4 Ne4 43. Ne5+ Kd6 44. Nxg6 Nxg3 45. Ne5 Ne4 46. Nf3 Kc7 47. Ne5 Nd6 48. Kc3 1/2-1/2

[Event "RLP-ch Seniors"]
[Site "Dittweiler"]
[Date "2004.??.??"]
[Round "2"]
[White "Rahn, Oskar"]
[Black "Ladstetter, Josef"]
[Result "1/2-1/2"]
[WhiteElo "2028"]
[BlackElo "2122"]
[PlyCount "22"]
[EventDate "2004.??.??"]
[EventType "swiss"]
[EventRounds "7"]
[EventCountry "GER"]
[SourceTitle "EXT 2009"]
[Source "ChessBase"]
[SourceDate "2008.11.26"]
[SourceVersion "1"]
[SourceVersionDate "2008.11.26"]
[SourceQuality "1"]

1. d4 Nf6 2. Bg5 e6 3. Bxf6 Qxf6 4. e4 c5 5. c3 d6 6. Nf3 Nc6 7. Bd3 Bd7 8. dxc5 dxc5 9. Nbd2 Ne5 10. Nxe5 Qxe5 11. 0-0 Qc7 1/2-1/2

[Event "Bad Bertrich Seniors op 4th"]
[Site "Bad Bertrich"]
[Date "2003.??.??"]
[Round "2"]
[White "Khanukov, Boris"]
[Black "Ladstetter, Josef"]
[Result "1-0"]
[WhiteElo "2340"]
[BlackElo "2120"]
[PlyCount "62"]
[EventDate "2003.12.??"]
[EventType "swiss"]
[EventRounds "9"]
[EventCountry "GER"]
[SourceTitle "EXT 2007"]
[Source "ChessBase"]
[SourceDate "2006.11.23"]
[SourceVersion "1"]
[SourceVersionDate "2006.11.23"]
[SourceQuality "1"]

1. d4 Nf6 2. c4 e6 3. g3 d5 4. Bg2 c6 5. Nf3 Nbd7 6. Qc2 Be7 7. 0-0 0-0 8. b3 c5 9. Bb2 b6 10. dxc5 bxc5 11. cxd5 exd5 12. Nc3 Bb7 13. Nh4 Re8 14. Rfd1 Nb6 15. a4 a5 16. Nb5 Bf8 17. Bxf6 gxf6 18. Qf5 Re5 19. Qf4 Bc8 20. e4 d4 21. Nf3 Qe7 22. Nxe5 fxe5 23. Qf3 Be6 24. Bf1 Qg5 25. h4 Bg4 26. Qd3 Qh5 27. Re1 Rc8 28. Be2 Bxe2 29. Rxe2 Qg4 30. Rc2 Rc6 31. Qe2 Qh3 1-0